000 00560nam a2200229Ia 4500
008 101110s9999 xx 000 0 und d
041 _aMARATHI
082 _bJR6259
100 _aZende Jayprakash
245 _aSwapna Udyojkanche
260 _c2008
_bDaimond books, Nai Delhi
300 _a207
365 _b180
520 _acommerce
520 _aDonated by Gowande Sir expediture 2009-10
546 _aMARATHI
630 _aSwapna Udyojkanche
650 _acommerce
655 _acommerce
730 _aSwapna Udyojkanche
942 _cBOOK
999 _c797052
_d797049